000 02382 a2200277 4500
003 OSt
005 20180116192340.0
008 120524t xxu||||| |||| 00| 0 eng d
020 _a1861894406 (paperback)
020 _a9781861894403 (paperback)
040 _c0
082 0 4 _a720.941
100 1 _aGray, Fred.
_92008
245 1 0 _aDesigning the seaside :
_barchitecture, society and nature /
_cFred Gray.
250 _aillustrated edition ed.
260 _aLondon :
_bReaktion Books,
_c2009.
300 _a336 p. ;
_bill.;
_c25 cm.
500 _aIncludes index .
520 _aSurprisingly, the common notion of taking a seaside vacation has only existed since the eighteenth century, with a growing acceptance of the idea that fresh air and sea water are good for one’s health. Since then, seaside resorts for all budgets have sprung up around the world. In Designing the Seaside , Fred Gray offers a richly illustrated history of seaside architecture and culture, from the smallest beach hut to the grandest hotels. Through over 400 illustrations that include historic photographs, pamphlets, guidebooks, postcards, and posters, Gray explores the changing attitudes toward shoreline vacations. “ Designing the Seaside manages to be both scholarly and colorful and offers a timely history of seaside art and architecture, from Brighton Pier and beach huts in Nice to a derelict resort complex in the Baltic, to the bizarre Palm islands of Dubai.”— London Evening Standard “Filled with photographs, architectural drawings, guidebooks, postcards and posters, this book explores changing attitudes to holidays and their settings. . . . There is an exploration of how the seaside became a hotbed for issues of morality, where people took their sauce on a postcard as often as with their fish and chips.”— Daily Telegraph “Gray’s illuminating study of the history of seaside architecture shows what a profound influence many of the innovations born on British coasts have had on Western holiday ideals
650 0 _a Seaside architecture
_92009
650 0 _aManners and customs
_zGreat Britain
_92010
650 0 _aSeaside resorts
_92011
856 _3Amazon.com
_uhttp://www.amazon.com/exec/obidos/ASIN/18618
942 _aSADA
_cBK
_k720.941 GRA 2009
_2ddc
999 _c352639
_d352639